Polskie miasta według popularności strony JetPunk - Statystyki

Ogólne statystyki
  • Ten quiz został rozwiązany 2 549 razy
    62 od ostatniego zresetowania
  • Średni wynik to 16 z 21
Statystyki odpowiedzi
% Miasto % Poprawnych
3,29 Łódź
98%
6,62 Kraków
96%
27,80 Warszawa
96%
3,52 Gdańsk
95%
0,79 Gdynia
95%
7,17 Wrocław
95%
5,13 Katowice
91%
7,50 Poznań
91%
2,29 Lublin
86%
1,53 Szczecin
86%
1,28 Białystok
82%
0,70 Toruń
81%
1,41 Rzeszów
79%
2,97 Bydgoszcz
77%
1,00 Olsztyn
75%
0,77 Kielce
72%
0,92 Częstochowa
70%
0,66 Zielona Góra
68%
1,13 Gliwice
53%
0,72 Bielsko-Biała
39%
1,32 Pruszków
11%
Nie znaleziono quizów pasujących do podanych kryteriów
Rozkład punktacji
Procent ludzi z każdym wynikiem
Percentyl według liczby udzielonych odpowiedzi
Twoja historia wyników
Nie rozwiązałeś tego quizu od ostatniego zresetowania